| 000 | 00633cam a2200205 4500 | ||
|---|---|---|---|
| 001 | WB3603-11 | ||
| 008 | 000000n2000 000 0 eng u | ||
| 035 | _a(Sirsi) u103704 | ||
| 245 | _aLondon is the most expensive city in the EU | ||
| 260 | _c2000 | ||
| 490 |
_aDaily Telegraph _v20 January 2000, 2(1) |
||
| 520 | _aLondon has overtaken Paris to become the most expensive city in the EU according to a survey by the Economist Intelligence Unit. | ||
| 590 | _aWB | ||
| 650 | _aECONOMIST INTELLIGENCE UNIT | ||
| 650 | _aCOST OF LIVING | ||
| 650 | _aCITIES | ||
| 650 | _aLONDON | ||
| 690 | _aECONOMIC ISSUES | ||
| 942 | _n0 | ||
| 999 |
_c62278 _d62278 |
||